Be young with yoga (Record no. 29994)

MARC details
000 -LEADER
fixed length control field 00262nam a2200109Ia 4500
082 ## - DEWEY DECIMAL CLASSIFICATION NUMBER
Classification number 294.527
Item number HIT
100 ## - MAIN ENTRY--AUTHOR NAME
Personal name Littlemam, Richard L
245 #0 - TITLE STATEMENT
Title Be young with yoga
260 ## - PUBLICATION, DISTRIBUTION, ETC. (IMPRINT)
Place of publication USA
Name of publisher Werner
Year of publication 1962
942 ## - ADDED ENTRY ELEMENTS (KOHA)
Koha item type Books
Holdings
Withdrawn status Lost status Damaged status Not for loan Home library Current library Date acquired Cost, normal purchase price Full call number Accession Number Koha item type
        RRII Library RRII Library 16/12/2021 17.55 294.527 HIT 10574 Books